LEADER 02693oam 2200493z- 450 001 9910768384303321 005 20240124080002 010 $a9791035108762 035 $a(PPN)273871412 035 $a(CKB)5600000000768160 035 $a(FR-PaCSA)88949328 035 $a(FRCYB88949328)88949328 035 $a(oapen)doab131529 035 $a(EXLCZ)995600000000768160 100 $a20260303d2023 u| | 101 0 $afre 135 $aurun| ||||| 181 $ctxt$2rdacontent 182 $cc$2rdamedia 183 $acr$2rdacarrier 200 00$aLe Moyen Âge dans le texte II. Au-delà de l'écrit$eCinq ans d'histoire textuelle au Laboratoire de médiévistique occidentale de Paris 210 1$aParis, France$cEditions de la Sorbonne$d2023 215 $a1 online resource (376 p.) 225 1 $aHistoire ancienne et médiévale 311 08$a9791035106379 330 $aCe deuxième volume du « Moyen Âge dans le texte », issu de journées d'études tenues au Laboratoire de médiévistique occidentale de Paris entre 2013 et 2018, poursuit un travail de réflexion et d'exploration des champs ouverts par la « nouvelle histoire textuelle », développée depuis une trentaine d'années. L'écrit comme une évidente source de l'enquête historique devient lui-même matière pour les historiens qui interrogent sa forme autant que son contenu et étudient les milieux et les contextes de son élaboration et de ses usages. Les discussions croisées avec des chercheurs de France et de l'étranger, spécialistes d'histoire médiévale et de littérature, ont permis de confronter les méthodes et les angles d'approche. Or ce volume entend désormais mener l'enquête « au-delà de l'écrit », dans des domaines de recherche relativement récents, où la grande variété des textes du Moyen Âge n'a encore pas été suffisamment exploitée. Quatre thèmes sont ainsi présentés : la poésie, l'espace, le genre, et le commerce. 517 $aMoyen Âge dans le texte II, Au-delà de l'écrit 606 $aCE period up to c 1500$2bicssc 606 $aGender studies, gender groups$2bicssc 606 $aHistory and Archaeology$2bicssc 610 $aanalyse du discours 610 $aétudes sur le genre 610 $aMoyen Âge 610 $aperception spatiale 615 7$aCE period up to c 1500 615 7$aGender studies, gender groups 615 7$aHistory and Archaeology 700 $aFletcher$b Christopher$01298402 701 $aVagnon$b Emmanuelle$0773688 801 0$bFR-PaCSA 906 $aBOOK 912 $a9910768384303321 996 $aLe Moyen Âge dans le texte II. Au-delà de l?écrit$94335827 997 $aUNINA